000 00783nam a2200253Ia 4500
003 OSt
005 20220918180721.0
006 a|||||r|||| 00| 0
007 ta
008 220917b |||||||| |||| 00| 0 eng d
024 _a23,694
037 _cTextual
040 _aARTS
_cARTS
_beng
041 _2eng
_aeng
082 _aO111,1K0:g(S5), M0 (MPhil)
100 _aHagstrum Jean H
245 0 _aSex and sensibility
_b ideal and erotic love from Milton to Maozart
260 _aChicago
_bUniv of Chicago Press
_c1980
300 _axiv,350p. illus
_ccm.
500 _aAppendix (A-C) (p.333-336)
650 _aENGLISH POETRY; ENGLISH LITERATURE
_97708
942 _hO111,1K0:g(S5), M0 (MPhil)
_cTEXL
_2CC
999 _c162738
_d162738